[Event "Vitoria Gasteiz op 1st"]
[Site "Vitoria Gasteiz"]
[Date "2025.07.06"]
[Round "9"]
[White "Reguillaga Elias, Manex"]
[Black "Gonzalez Pabollet, Jesus Maria"]
[Result "1-0"]
[WhiteElo "2076"]
[BlackElo "1872"]
[PlyCount "65"]
[EventDate "2025.06.30"]
[EventType "swiss"]
[EventRounds "9"]
[EventCountry "ESP"]
[SourceTitle "CB28_2025"]
[SourceDate "2025.07.09"]
[SourceVersion "1"]
[SourceVersionDate "2025.07.09"]
[SourceQuality "1"]

1. d4 d6 2. Nf3 Bg4 3. c4 Nf6 4. Nc3 Nbd7 5. e4 e5 6. Be2 Be7 7. 0-0 0-0 8. Be3 c6 9. Rb1 Qc7 10. b4 b6 11. Nd2 Bxe2 12. Qxe2 a5 13. b5 c5 14. dxe5 dxe5 15. g4 h6 16. Kh1 Kh7 17. h4 Rh8 18. Kg2 g6 19. Rh1 Kg7 20. Nf1 Nf8 21. Ng3 Ne6 22. Qf3 Nd4 23. Qd1 Rad8 24. g5 hxg5 25. hxg5 Nh7 26. Qg4 Qd7 27. Qxd7 Rxd7 28. Nd5 Bd8 29. f4 exf4 30. Bxf4 Re8 31. Rh3 Bxg5 32. Rxh7+ Kxh7 33. Bxg5 1-0

[Event "Wch Seniors 65 30th"]
[Site "Assisi"]
[Date "2022.11.20"]
[Round "6"]
[White "Gonzalez Pabollet, Jesus Maria"]
[Black "Fulvi, Fulvio"]
[Result "0-1"]
[WhiteElo "1705"]
[BlackElo "2065"]
[PlyCount "80"]
[EventDate "2022.11.15"]
[EventType "swiss"]
[EventRounds "11"]
[EventCountry "ITA"]
[SourceTitle "CBM 211 Extra"]
[Source "ChessBase"]
[SourceDate "2023.01.31"]
[SourceVersion "1"]
[SourceVersionDate "2023.01.31"]
[SourceQuality "1"]

1. e4 e6 2. g3 d5 3. Bg2 dxe4 4. Bxe4 Nf6 5. Bg2 Bc5 6. Ne2 e5 7. Nbc3 0-0 8. d3 Nc6 9. Be3 Bb4 10. Bg5 h6 11. Bxf6 Qxf6 12. 0-0 Bxc3 13. Nxc3 Be6 14. Nd5 Qd8 15. Nc3 Qd7 16. Ne4 b6 17. Qd2 Bh3 18. Bxh3 Qxh3 19. f4 f5 20. Nf2 Qh5 21. Qd1 Qg6 22. fxe5 Nxe5 23. Nh3 Ng4 24. Nf4 Qd6 25. Qf3 Qc5+ 26. Kh1 Qxc2 27. Ng2 Qxb2 28. h3 Ne5 29. Qd5+ Kh7 30. Rae1 Rae8 31. d4 c6 32. Qd6 Rf6 33. Qc7 Qxd4 34. g4 Rf7 35. Qxf7 Nxf7 36. Rxe8 Qd3 37. Rfe1 Qxh3+ 38. Kg1 fxg4 39. R8e4 Ng5 40. R1e3 Nxe4 0-1

[Event "Oviedo op 8th"]
[Site "Oviedo"]
[Date "2022.07.22"]
[Round "8"]
[White "Estevez Sacristan, Deva"]
[Black "Gonzalez Pabollet, Jesus Maria"]
[Result "1-0"]
[WhiteElo "1947"]
[BlackElo "1788"]
[PlyCount "83"]
[EventDate "2022.07.17"]
[EventType "swiss"]
[EventRounds "9"]
[EventCountry "ESP"]
[SourceTitle "CBM 209 Extra"]
[Source "ChessBase"]
[SourceDate "2022.09.30"]
[SourceVersion "1"]
[SourceVersionDate "2022.09.30"]
[SourceQuality "1"]

1. e4 c5 2. Nc3 e6 3. Nf3 Nc6 4. d4 cxd4 5. Nxd4 Nf6 6. g3 Nxd4 7. Qxd4 b6 8. Nb5 Bc5 9. Qd3 a6 10. Nc3 Ng4 11. Be3 Nxe3 12. fxe3 Qg5 13. Kd2 Bb7 14. Bg2 0-0 15. Rae1 a5 16. Kc1 Ba6 17. Qd2 Rac8 18. a3 Qe5 19. Nb1 Rfd8 20. h4 Bb7 21. h5 h6 22. Rh4 Be7 23. Rf4 Bg5 24. g4 Bxf4 25. exf4 Qc5 26. g5 d5 27. e5 hxg5 28. fxg5 Rc7 29. Bf1 d4 30. Bd3 Rd5 31. b4 axb4 32. axb4 Qe7 33. g6 f5 34. exf6 Qxf6 35. Rf1 Qg5 36. Rf4 Qxh5 37. Qf2 Rd8 38. Rh4 Qg5+ 39. Kb2 e5 40. Bc4+ Bd5 41. Bxd5+ Rxd5 42. Rh8+ 1-0

[Event "Oviedo op 8th"]
[Site "Oviedo"]
[Date "2022.07.19"]
[Round "4"]
[White "Rottenwohrer Suarez, Juan"]
[Black "Gonzalez Pabollet, Jesus Maria"]
[Result "1-0"]
[WhiteElo "2231"]
[BlackElo "1788"]
[PlyCount "115"]
[EventDate "2022.07.17"]
[EventType "swiss"]
[EventRounds "9"]
[EventCountry "ESP"]
[SourceTitle "CBM 209 Extra"]
[Source "ChessBase"]
[SourceDate "2022.09.30"]
[SourceVersion "1"]
[SourceVersionDate "2022.09.30"]
[SourceQuality "1"]

1. Nf3 c5 2. g3 Nc6 3. Bg2 e5 4. 0-0 g6 5. c4 Bg7 6. Nc3 Nge7 7. Ne1 d6 8. Nc2 0-0 9. Ne3 Rb8 10. Ned5 a6 11. a4 b6 12. Rb1 Be6 13. d3 Qd7 14. Nxe7+ Nxe7 15. b4 d5 16. bxc5 bxc5 17. Rxb8 Rxb8 18. cxd5 Bxd5 19. Nxd5 Nxd5 20. Qc2 Bf8 21. Ba3 Nb4 22. Qb3 a5 23. Rc1 Na6 24. Qd1 Nb4 25. Rc4 Rd8 26. Bc1 Qe6 27. Qb3 Rb8 28. Qa3 Rd8 29. Be3 Rc8 30. h4 f5 31. Qc3 Nd5 32. Bxd5 Qxd5 33. f3 e4 34. fxe4 fxe4 35. Rxe4 Bg7 36. Qc4 Qxc4 37. Rxc4 Be5 38. Kg2 Bd6 39. Bf2 Re8 40. e4 Rd8 41. Bxc5 Bxc5 42. Rxc5 Rxd3 43. Rxa5 Re3 44. e5 Kf7 45. Kf2 Re4 46. Kf3 Re1 47. Kf4 Rf1+ 48. Ke4 Re1+ 49. Kd5 Rd1+ 50. Kc6 Ke6 51. Rc5 Rd3 52. a5 Rxg3 53. a6 Ra3 54. Kb6 h6 55. a7 g5 56. hxg5 hxg5 57. Ra5 Rb3+ 58. Ka6 1-0

[Event "Oviedo op 8th"]
[Site "Oviedo"]
[Date "2022.07.18"]
[Round "3"]
[White "Gonzalez Pabollet, Jesus Maria"]
[Black "Crespo Arce, Miguel Angel"]
[Result "1-0"]
[WhiteElo "1788"]
[BlackElo "1505"]
[PlyCount "85"]
[EventDate "2022.07.17"]
[EventType "swiss"]
[EventRounds "9"]
[EventCountry "ESP"]
[SourceTitle "CBM 209 Extra"]
[Source "ChessBase"]
[SourceDate "2022.09.30"]
[SourceVersion "1"]
[SourceVersionDate "2022.09.30"]
[SourceQuality "1"]

1. e4 e6 2. g3 d5 3. Bg2 Nf6 4. exd5 exd5 5. d3 c6 6. Nc3 Bb4 7. Nge2 d4 8. a3 Bxc3+ 9. bxc3 dxc3 10. Nxc3 Qa5 11. Qe2+ Be6 12. Bd2 Qc7 13. 0-0 0-0 14. Rfe1 Re8 15. Bf4 Qc8 16. Ne4 Nxe4 17. Bxe4 Nd7 18. Qd2 Nf6 19. Bg2 Qd7 20. Be5 Ng4 21. Bb2 f6 22. Re2 Bf5 23. Rae1 Rxe2 24. Qxe2 Nh6 25. Qe7 Rd8 26. h3 Bg6 27. g4 Qxe7 28. Rxe7 Rb8 29. Bd4 b6 30. Bxc6 Bf7 31. Rxa7 Ba2 32. c4 Kf8 33. g5 Nf5 34. gxf6 g6 35. Bc3 Rd8 36. Bb4+ Nd6 37. Rxh7 Kg8 38. Rg7+ Kh8 39. Rxg6 Nf7 40. Bd5 Rd7 41. Rg7 Ne5 42. Bc3 Rxd5 43. cxd5 1-0

[Event "Gibraltar Amateur op-B"]
[Site "Caleta"]
[Date "2019.01.30"]
[Round "5"]
[White "Gonzalez Pabollet, Jesus Maria"]
[Black "Andersen, Guttorm"]
[Result "1-0"]
[WhiteElo "1875"]
[BlackElo "1801"]
[PlyCount "63"]
[EventDate "2019.01.26"]
[EventType "swiss"]
[EventRounds "5"]
[EventCountry "GGB"]
[SourceTitle "EXT 2021"]
[Source "ChessBase"]
[SourceDate "2020.10.23"]
[SourceVersion "1"]
[SourceVersionDate "2020.10.23"]
[SourceQuality "1"]

1. e4 d5 2. exd5 Nf6 3. Bb5+ Bd7 4. Bc4 b5 5. Bb3 Bf5 6. Qe2 Nxd5 7. Qxb5+ c6 8. Qe2 e6 9. Nc3 Nb4 10. d3 Nd7 11. a3 Na6 12. d4 Nc7 13. g4 Bg6 14. h4 h5 15. g5 Nb6 16. Nf3 Bd6 17. Ne4 0-0 18. c4 Bxe4 19. Qxe4 c5 20. dxc5 Bxc5 21. Bc2 g6 22. Bf4 Ne8 23. Rd1 Qc8 24. Ne5 Nd6 25. Rxd6 Bxd6 26. Nxg6 f5 27. gxf6 Rxf6 28. Bxd6 Qxc4 29. Ne7+ Kf8 30. Nd5+ Ke8 31. Nxf6+ Kd8 32. Rg1 1-0

[Event "Sitges Sunway op-B 5th"]
[Site "Sitges"]
[Date "2018.12.15"]
[Round "2"]
[White "Knipfer, Andreas"]
[Black "Gonzalez Pabollet, Jesus Maria"]
[Result "0-1"]
[WhiteElo "1962"]
[BlackElo "1815"]
[PlyCount "66"]
[EventDate "2018.12.14"]
[EventType "swiss"]
[EventRounds "10"]
[EventCountry "ESP"]
[SourceTitle "CBM 187 Extra"]
[Source "ChessBase"]
[SourceDate "2018.11.04"]
[SourceVersion "1"]
[SourceVersionDate "2018.11.04"]
[SourceQuality "1"]

1. Nf3 b6 2. e4 Bb7 3. Nc3 c5 4. d4 cxd4 5. Nxd4 Nc6 6. Be3 g6 7. f3 Bg7 8. Bc4 Na5 9. Bb3 Rc8 10. Qd3 Nc6 11. 0-0 Nf6 12. Rad1 0-0 13. Qe2 Nxd4 14. Bxd4 Nh5 15. Bxg7 Kxg7 16. Qe3 Kg8 17. f4 a6 18. f5 Qc7 19. fxg6 hxg6 20. Rf3 Rcd8 21. Nd5 Bxd5 22. Rxd5 e5 23. g3 Kg7 24. Qd3 Nf6 25. Qxa6 Nxd5 26. Bxd5 Qxc2 27. Qxb6 f5 28. Qd6 Rfe8 29. b4 Qd1+ 30. Kg2 Re6 31. Qc7 fxe4 32. Bxe6 exf3+ 33. Kh3 Rh8+ 0-1

[Event "EU-ch Seniors 50 18th"]
[Site "Drammen"]
[Date "2018.08.11"]
[Round "8"]
[White "Gonzalez Pabollet, Jesus Maria"]
[Black "Krohg, Georg A"]
[Result "1/2-1/2"]
[WhiteElo "1818"]
[BlackElo "1956"]
[PlyCount "89"]
[EventDate "2018.08.04"]
[EventType "swiss"]
[EventRounds "9"]
[EventCountry "NOR"]
[SourceTitle "CBM 185 Extra"]
[Source "ChessBase"]
[SourceDate "2018.07.29"]
[SourceVersion "1"]
[SourceVersionDate "2018.07.29"]
[SourceQuality "1"]

1. e4 e6 2. g3 d5 3. Bg2 c5 4. exd5 exd5 5. d4 Nf6 6. Ne2 Nc6 7. 0-0 Bf5 8. Re1 Be7 9. dxc5 0-0 10. Nd4 Be4 11. Nxc6 bxc6 12. b4 a5 13. f3 Bg6 14. c3 Nd7 15. Bb2 Bf6 16. a3 Ne5 17. Ra2 Re8 18. Ba1 Qd7 19. Rae2 Nd3 20. Bh3 Rxe2 21. Qxe2 Qd8 22. Rd1 Qe8 23. Bf1 Ne5 24. Nd2 axb4 25. cxb4 Rxa3 26. f4 Nf3+ 27. Nxf3 Qxe2 28. Bxe2 Bxa1 29. b5 cxb5 30. Rxd5 f6 31. c6 Rc3 32. Rd8+ Kf7 33. Rd7+ Ke8 34. Bxb5 Rc1+ 35. Kg2 Bf5 36. Rxg7 Rc2+ 37. Kf1 Rc1+ 38. Kf2 Rc2+ 39. Ke1 Bb2 40. Rb7 Rc1+ 41. Ke2 Rc2+ 42. Ke3 Kd8 43. Ba4 Rc3+ 44. Kf2 Ba3 45. Rb3 1/2-1/2

[Event "EU-ch Seniors 50 18th"]
[Site "Drammen"]
[Date "2018.08.06"]
[Round "3"]
[White "Skar, Oystein"]
[Black "Gonzalez Pabollet, Jesus Maria"]
[Result "1-0"]
[WhiteElo "1705"]
[BlackElo "1818"]
[PlyCount "133"]
[EventDate "2018.08.04"]
[EventType "swiss"]
[EventRounds "9"]
[EventCountry "NOR"]
[SourceTitle "CBM 185 Extra"]
[Source "ChessBase"]
[SourceDate "2018.07.29"]
[SourceVersion "1"]
[SourceVersionDate "2018.07.29"]
[SourceQuality "1"]

1. e4 d5 2. exd5 Qxd5 3. Nf3 Bg4 4. Be2 Nf6 5. d4 e6 6. 0-0 Be7 7. h3 Bh5 8. Bf4 c6 9. c4 Qa5 10. Nc3 Nbd7 11. Qd2 Bb4 12. Qe3 0-0 13. Rac1 Rfe8 14. Ne5 Bxe2 15. Qxe2 Rad8 16. a3 Be7 17. Rcd1 a6 18. g4 Nxe5 19. dxe5 Nd7 20. Rd3 g5 21. Bg3 Nc5 22. Rxd8 Rxd8 23. Rd1 Nb3 24. Ne4 Nd4 25. Qe3 Nc2 26. Rxd8+ Qxd8 27. Qc3 Nd4 28. Qe3 c5 29. f4 Qb6 30. b4 cxb4 31. c5 Qd8 32. axb4 h6 33. Nd6 Nc6 34. Qe4 Qd7 35. f5 Bd8 36. fxe6 fxe6 37. Qg6+ Qg7 38. Qxe6+ Kh7 39. Qf5+ Kg8 40. Qe6+ Kh7 41. Nf5 Qf8 42. Qd7+ Kg8 43. Qxb7 Ne7 44. Qd7 a5 45. Nxe7+ Bxe7 46. Qd5+ Kg7 47. bxa5 Bxc5+ 48. Kg2 Qc8 49. e6 Be7 50. Be5+ Kg8 51. Bd4 Qc2+ 52. Bf2 Qe2 53. Qf5 Kh8 54. a6 Bc5 55. Qf3 Qxe6 56. Bxc5 Qa2+ 57. Kg3 h5 58. Qf6+ Kh7 59. Qf5+ Kg7 60. Bd4+ Kg8 61. Qxg5+ Kf7 62. Qxh5+ Ke7 63. Bc5+ Kd7 64. Qf5+ Kc6 65. Bf2 Kc7 66. a7 Qa3+ 67. Qf3 1-0

[Event "Gibraltar Amateur op-B"]
[Site "Caleta"]
[Date "2018.01.31"]
[Round "5"]
[White "Cherigui, Mourad"]
[Black "Gonzalez Pabollet, Jesus Maria"]
[Result "0-1"]
[WhiteElo "1892"]
[BlackElo "1852"]
[PlyCount "144"]
[EventDate "2018.01.27"]
[EventType "swiss"]
[EventRounds "5"]
[EventCountry "GGB"]
[SourceTitle "EXT 2019"]
[Source "ChessBase"]
[SourceDate "2018.10.10"]
[SourceVersion "1"]
[SourceVersionDate "2018.10.10"]
[SourceQuality "1"]

1. Nf3 Nf6 2. c4 g6 3. b4 Bg7 4. Bb2 d6 5. g3 b6 6. Bg2 Bb7 7. 0-0 0-0 8. Qb3 Nbd7 9. d4 c5 10. bxc5 dxc5 11. d5 b5 12. e4 bxc4 13. Qxc4 Qb6 14. Qc2 Ba6 15. Rd1 Rab8 16. Bc3 Ng4 17. Bxg7 Kxg7 18. Qc3+ Kg8 19. h3 Be2 20. Rc1 Bxf3 21. Bxf3 Nge5 22. Bg2 g5 23. Qe3 Qf6 24. Nd2 Rb4 25. Nb3 c4 26. Na5 Nd3 27. Rf1 N3e5 28. f4 gxf4 29. gxf4 Ng6 30. Nc6 Rb2 31. e5 Qg7 32. Rf2 Rxf2 33. Qxf2 f6 34. e6 Nb6 35. Kh2 f5 36. Rf1 c3 37. Qc5 Kh8 38. Bf3 Nxf4 39. Rg1 Ng6 40. Bh5 Rc8 41. Bxg6 hxg6 42. Qxe7 Nxd5 43. Qd7 Rxc6 44. Qxc6 Qe5+ 45. Kh1 Qe4+ 46. Rg2 Qe1+ 47. Kh2 Qe5+ 48. Rg3 Qe2+ 49. Kg1 Qe1+ 50. Kh2 Qe2+ 51. Rg2 Qe5+ 52. Kg1 Qe1+ 53. Kh2 Qe5+ 54. Rg3 Qe2+ 55. Kg1 Qe1+ 56. Kg2 Qe2+ 57. Kg1 Qe1+ 58. Kh2 Qe2+ 59. Kh1 Qe1+ 60. Kg2 Qe2+ 61. Kh1 Qe1+ 62. Rg1 Qe4+ 63. Kh2 Qe5+ 64. Kg2 Qe2+ 65. Kg3 Qe3+ 66. Kh4 Qh6+ 67. Kg3 Qe3+ 68. Kh4 Qh6+ 69. Kg3 Qf4+ 70. Kg2 Qe4+ 71. Kf2 Qe3+ 72. Kg2 Nf4+ 0-1

[Event "Gibraltar Amateur op-B"]
[Site "Caleta"]
[Date "2018.01.28"]
[Round "2"]
[White "Gonzalez Pabollet, Jesus Maria"]
[Black "Bussmann, John"]
[Result "1-0"]
[WhiteElo "1852"]
[BlackElo "1713"]
[PlyCount "73"]
[EventDate "2018.01.27"]
[EventType "swiss"]
[EventRounds "5"]
[EventCountry "GGB"]
[SourceTitle "EXT 2019"]
[Source "ChessBase"]
[SourceDate "2018.10.10"]
[SourceVersion "1"]
[SourceVersionDate "2018.10.10"]
[SourceQuality "1"]

1. e4 b6 2. d4 e6 3. Bd3 Bb7 4. Nf3 Bb4+ 5. c3 Be7 6. 0-0 Nf6 7. Re1 d6 8. Bf4 Nbd7 9. Nbd2 0-0 10. Qc2 g6 11. h3 Re8 12. Rad1 Bf8 13. Bg5 Qc8 14. a3 Bg7 15. Bb5 a6 16. Ba4 b5 17. Bb3 c5 18. e5 dxe5 19. dxe5 Nd5 20. c4 N5b6 21. Ne4 Bxe4 22. Qxe4 bxc4 23. Bxc4 Nxc4 24. Qxc4 Nb6 25. Qh4 Nd5 26. Bh6 Bh8 27. Ng5 Qd8 28. Qe4 Bg7 29. Qf3 Ra7 30. Bxg7 Kxg7 31. Ne4 Qc7 32. Nf6 Nxf6 33. exf6+ Kh8 34. Qe3 Raa8 35. Rd5 Rac8 36. Qh6 Rg8 37. Rd2 1-0

[Event "Gibraltar Amateur op-A"]
[Site "Caleta"]
[Date "2018.01.26"]
[Round "5"]
[White "Gonzalez Pabollet, Jesus Maria"]
[Black "Klementys, Jerzy"]
[Result "1/2-1/2"]
[WhiteElo "1852"]
[BlackElo "1739"]
[PlyCount "52"]
[EventDate "2018.01.22"]
[EventType "swiss"]
[EventRounds "5"]
[EventCountry "GGB"]
[SourceTitle "EXT 2019"]
[Source "ChessBase"]
[SourceDate "2018.10.10"]
[SourceVersion "1"]
[SourceVersionDate "2018.10.10"]
[SourceQuality "1"]

1. Nf3 Nf6 2. g3 g6 3. b3 Bg7 4. Bb2 0-0 5. Bg2 d5 6. 0-0 Re8 7. c4 c6 8. h3 Nbd7 9. d4 Ne4 10. cxd5 cxd5 11. Nc3 Ndf6 12. Rc1 Bd7 13. Ne5 Rc8 14. Kh2 e6 15. Qd3 Nxc3 16. Bxc3 Qb6 17. Nxd7 Nxd7 18. e3 h5 19. h4 Nf6 20. Rc2 Bf8 21. Bb2 Rc6 22. Rfc1 Rec8 23. Bf3 a6 24. Kg2 Be7 25. Rc3 Rc5 26. Rxc5 Rc6 1/2-1/2

[Event "Collado Villalba op-B 34th"]
[Site "Collado Villalba"]
[Date "2017.08.28"]
[Round "7"]
[White "Khudov, Oleksandr"]
[Black "Gonzalez Pabollet, Jesus Maria"]
[Result "1-0"]
[WhiteElo "1838"]
[BlackElo "1848"]
[PlyCount "91"]
[EventDate "2017.08.22"]
[EventType "swiss"]
[EventRounds "9"]
[EventCountry "ESP"]
[SourceTitle "CBM 180 Extra"]
[Source "ChessBase"]
[SourceDate "2017.10.06"]
[SourceVersion "1"]
[SourceVersionDate "2017.10.06"]
[SourceQuality "1"]

1. d4 d5 2. Bf4 c6 3. e3 Nf6 4. c4 dxc4 5. Bxc4 Nd5 6. Bg3 Qa5+ 7. Nd2 e6 8. a3 b5 9. Be2 Nd7 10. Ngf3 Be7 11. e4 N5f6 12. 0-0 Bb7 13. b4 Qb6 14. h3 a5 15. Qb3 0-0 16. Qb2 Ra7 17. Ne5 Rfa8 18. Nd3 Qd8 19. f3 Qf8 20. Nc5 Nxc5 21. dxc5 Nh5 22. Bh2 Rd8 23. Bc7 Rd7 24. Bh2 Ra8 25. Rfd1 Rad8 26. e5 Bg5 27. Ne4 Be3+ 28. Kh1 Nf4 29. Bxf4 Bxf4 30. g3 Be3 31. Nd6 Bg5 32. f4 Be7 33. Bf3 Bxd6 34. cxd6 f6 35. Bg2 fxe5 36. fxe5 Qf5 37. Rf1 Qg5 38. Qc3 Qh6 39. Kh2 Rc8 40. Rac1 axb4 41. axb4 Qg6 42. Qd4 Ra8 43. Bxc6 Ra2+ 44. Rf2 Bxc6 45. Rxa2 Bd5 46. Rc8+ 1-0

[Event "Collado Villalba op-B 34th"]
[Site "Collado Villalba"]
[Date "2017.08.25"]
[Round "4"]
[White "Gonzalez Pabollet, Jesus Maria"]
[Black "Marivela Santos, Juan Carlos"]
[Result "1-0"]
[WhiteElo "1848"]
[BlackElo "1716"]
[PlyCount "119"]
[EventDate "2017.08.22"]
[EventType "swiss"]
[EventRounds "9"]
[EventCountry "ESP"]
[SourceTitle "CBM 180 Extra"]
[Source "ChessBase"]
[SourceDate "2017.10.06"]
[SourceVersion "1"]
[SourceVersionDate "2017.10.06"]
[SourceQuality "1"]

1. e4 c6 2. f4 d5 3. e5 Bf5 4. Nf3 e6 5. Be2 Bc5 6. d4 Bb4+ 7. c3 Be7 8. 0-0 Nd7 9. Be3 h5 10. Ng5 g6 11. Nd2 f6 12. Ngf3 Nh6 13. h3 Qb6 14. b4 a5 15. a3 axb4 16. axb4 0-0 17. Nb3 fxe5 18. fxe5 Nf7 19. Qd2 Rfc8 20. Kh2 Qd8 21. Bd3 b6 22. Bxf5 gxf5 23. Qf2 Kh7 24. Qe2 Kg6 25. Qf2 Kh7 26. Ng1 Qf8 27. Ne2 Ng5 28. Nf4 Ne4 29. Qf3 Qf7 30. Nxh5 Nxc3 31. g4 Bxb4 32. Bd2 Na2 33. gxf5 Bxd2 34. Nxd2 Kh6 35. Ng3 Rf8 36. Qf4+ Kh7 37. Qh4+ Kg8 38. fxe6 Qxe6 39. Qg5+ Kh7 40. Nh5 Qg6 41. Rxf8 Qxg5 42. Rxa8 Qxd2+ 43. Kg3 Qe3+ 44. Kg4 Qxd4+ 45. Nf4 Qxa1 46. Ra7 Qg1+ 47. Kf5 Kh6 48. Rxd7 Qg5+ 49. Ke6 Qxf4 50. Rd6 Nb4 51. Kd7+ Kg7 52. e6 Qf5 53. Kd8 Qf8+ 54. Kd7 Qf5 55. Kd8 Qg5+ 56. Kd7 Kf8 57. h4 Qg7+ 58. Kc8 Qg4 59. Kd8 Qg5+ 60. hxg5 1-0

[Event "Figueres op-B 18th"]
[Site "Figueres"]
[Date "2017.08.17"]
[Round "9"]
[White "Gonzalez Pabollet, Jesus Maria"]
[Black "Clot Chico, Arnau"]
[Result "1-0"]
[WhiteElo "1873"]
[BlackElo "1899"]
[PlyCount "60"]
[EventDate "2017.08.10"]
[EventType "swiss"]
[EventRounds "9"]
[EventCountry "ESP"]
[SourceTitle "EXT 2019"]
[Source "ChessBase"]
[SourceDate "2018.10.10"]
[SourceVersion "1"]
[SourceVersionDate "2018.10.10"]
[SourceQuality "1"]

1. b3 Nf6 2. Bb2 g6 3. e3 Bg7 4. Nf3 d6 5. Be2 c5 6. 0-0 0-0 7. d4 Nbd7 8. c4 Rb8 9. Qc2 a6 10. a4 Re8 11. Re1 Qc7 12. e4 cxd4 13. Bxd4 b5 14. axb5 axb5 15. Nc3 bxc4 16. Bxc4 Bb7 17. Qe2 Ra8 18. Nb5 Qd8 19. Ng5 d5 20. Rxa8 Bxa8 21. exd5 Bh6 22. Nxf7 Kxf7 23. Nc7 Kg8 24. Qe6+ Kh8 25. Nxa8 Nf8 26. Qf7 Qxa8 27. d6 N8d7 28. dxe7 Bg7 29. Bb5 Rb8 30. Bxd7 Ne8 1-0

[Event "Gibraltar Challenger op-A"]
[Site "Caleta"]
[Date "2017.01.26"]
[Round "4"]
[White "Gonzalez Pabollet, Jesus Maria"]
[Black "Suez Panama, Gilles"]
[Result "0-1"]
[WhiteElo "1900"]
[BlackElo "2010"]
[PlyCount "108"]
[EventDate "2017.01.23"]
[EventType "swiss"]
[EventRounds "5"]
[EventCountry "GGB"]
[SourceTitle "CBM 176 Extra"]
[Source "ChessBase"]
[SourceDate "2017.03.02"]
[SourceVersion "1"]
[SourceVersionDate "2017.03.02"]
[SourceQuality "1"]

1. e4 e6 2. d4 d5 3. exd5 exd5 4. Bd3 Nc6 5. Nf3 Bg4 6. c3 Bd6 7. 0-0 Nge7 8. Bg5 f6 9. Bh4 Qd7 10. Bg3 0-0-0 11. Bxd6 Qxd6 12. Nbd2 Ng6 13. Qc2 Nce7 14. Rfe1 Nf4 15. Bf1 Kb8 16. c4 dxc4 17. Nxc4 Qd7 18. Qe4 Ned5 19. Ne3 Rde8 20. Qc2 Bxf3 21. gxf3 Nxe3 22. fxe3 Nd5 23. Qd2 g5 24. Rac1 Re7 25. e4 Nf4 26. Red1 Re6 27. a4 Qxa4 28. d5 Rb6 29. Qc3 Qd7 30. d6 Rxd6 31. Qxf6 Rg8 32. Rxd6 Qxd6 33. Qxd6 cxd6 34. Bc4 Rc8 35. Rc3 Rc5 36. Kf2 a6 37. Bg8 Rxc3 38. bxc3 h6 39. Ke3 Kc7 40. Kd4 Ne2+ 41. Kd3 Ng1 42. Ke3 Nh3 43. Kd4 Kd7 44. Bh7 Nf4 45. Bg8 b5 46. Ke3 a5 47. Kd4 Ng6 48. Bd5 Ne5 49. Ke3 Ng6 50. Kd4 Nf4 51. Bg8 a4 52. Ba2 Ne2+ 53. Ke3 Nxc3 54. Kd2 Nxa2 0-1

[Event "ESP-ch Seniors 65"]
[Site "Altea"]
[Date "2016.10.11"]
[Round "3"]
[White "Tejero Royo, Fermin"]
[Black "Gonzalez Pabollet, Jesus Maria"]
[Result "1-0"]
[WhiteElo "2010"]
[BlackElo "1905"]
[PlyCount "98"]
[EventDate "2016.10.09"]
[EventType "swiss"]
[EventRounds "9"]
[EventCountry "ESP"]
[SourceTitle "EXT 2024"]
[Source "ChessBase"]
[SourceDate "2023.10.10"]
[SourceVersion "1"]
[SourceVersionDate "2023.10.10"]
[SourceQuality "1"]

1. d4 Nf6 2. c4 e6 3. Nf3 Bb4+ 4. Bd2 Bxd2+ 5. Qxd2 0-0 6. Nc3 d5 7. e3 b6 8. Ne5 Bb7 9. f4 Ne4 10. Nxe4 dxe4 11. Ng4 c5 12. dxc5 Qxd2+ 13. Kxd2 bxc5 14. Be2 Nc6 15. Nf2 f5 16. Kc3 Kf7 17. a3 a5 18. Bd1 Na7 19. Bc2 Nc6 20. Ba4 Rab8 21. Rhd1 Ke7 22. Rd2 Rfd8 23. Rad1 Rxd2 24. Rxd2 Rd8 25. Rxd8 Kxd8 26. Bxc6 Bxc6 27. b4 axb4+ 28. axb4 cxb4+ 29. Kxb4 Kc7 30. Kc5 Ba4 31. Nh3 h6 32. Nf2 Bb3 33. h4 Bc2 34. g4 g6 35. Kd4 Kd7 36. Ke5 Ke7 37. c5 Ba4 38. h5 fxg4 39. hxg6 g3 40. Nh3 Bc6 41. Ng1 Bd5 42. f5 h5 43. f6+ Kf8 44. Kd6 h4 45. c6 Bc4 46. c7 Ba6 47. g7+ Kf7 48. g8Q+ Kxg8 49. Ke7 Bc8 1-0

[Event "Navarra-ch"]
[Site "Pamplona"]
[Date "2016.03.26"]
[Round "3"]
[White "Jimenez Almeida, Luis David"]
[Black "Gonzalez Pabollet, Jesus Maria"]
[Result "1-0"]
[WhiteElo "2179"]
[BlackElo "1887"]
[PlyCount "59"]
[EventDate "2016.03.05"]
[EventType "swiss"]
[EventRounds "8"]
[EventCountry "ESP"]
[SourceTitle "EXT 2018"]
[Source "ChessBase"]
[SourceDate "2017.10.13"]
[SourceVersion "1"]
[SourceVersionDate "2017.10.13"]
[SourceQuality "1"]

1. e4 c5 2. Nf3 e6 3. d4 cxd4 4. Nxd4 a6 5. Nc3 Qc7 6. Bd3 Bb4 7. Bd2 Nc6 8. Nb3 Nf6 9. 0-0 h5 10. Qe2 Ng4 11. f4 Qb6+ 12. Kh1 Be7 13. Rac1 Nb4 14. e5 d5 15. exd6 Nxd3 16. Qxd3 Qxd6 17. Qe2 Bh4 18. Rcd1 0-0 19. Ne4 Qb6 20. Rf3 Rd8 21. Rdf1 Rd5 22. c4 Rf5 23. Rh3 Be7 24. Ng3 Rf6 25. Nxh5 Rg6 26. f5 exf5 27. Qxe7 Nf2+ 28. Rxf2 Be6 29. Qh4 Rg4 30. Nf6+ 1-0

[Event "Navarra-ch"]
[Site "Pamplona"]
[Date "2016.03.12"]
[Round "2"]
[White "Gonzalez Pabollet, Jesus Maria"]
[Black "Ortega Villa, Alex"]
[Result "1-0"]
[WhiteElo "1887"]
[BlackElo "1639"]
[PlyCount "57"]
[EventDate "2016.03.05"]
[EventType "swiss"]
[EventRounds "8"]
[EventCountry "ESP"]
[SourceTitle "EXT 2018"]
[Source "ChessBase"]
[SourceDate "2017.10.13"]
[SourceVersion "1"]
[SourceVersionDate "2017.10.13"]
[SourceQuality "1"]

1. e4 c5 2. Nf3 e6 3. Nc3 Nc6 4. Be2 a6 5. 0-0 Qc7 6. Re1 Nf6 7. Bf1 h5 8. g3 d6 9. d3 b5 10. Bg2 b4 11. Nb1 e5 12. c3 a5 13. d4 Bg4 14. d5 Na7 15. Qa4+ Bd7 16. Qc2 Nc8 17. Bg5 Ne7 18. Nbd2 Ng6 19. Nc4 Bb5 20. Ne3 Qb6 21. Nf5 Qa6 22. Bf1 Bxf1 23. Rxf1 a4 24. cxb4 cxb4 25. Rac1 Ne7 26. Bxf6 gxf6 27. N3h4 Rc8 28. Qd2 Qb7 29. Nxd6+ 1-0

[Event "Gibraltar Amateur op-B"]
[Site "Caleta"]
[Date "2016.02.01"]
[Round "3"]
[White "Kirkwood, Robin"]
[Black "Gonzalez Pabollet, Jesus Maria"]
[Result "0-1"]
[WhiteElo "1653"]
[BlackElo "1854"]
[PlyCount "76"]
[EventDate "2016.01.30"]
[EventType "swiss"]
[EventRounds "5"]
[EventCountry "GGB"]
[SourceTitle "CBM 170 Extra"]
[Source "ChessBase"]
[SourceDate "2016.02.25"]
[SourceVersion "1"]
[SourceVersionDate "2016.02.25"]
[SourceQuality "1"]

1. g3 Nf6 2. Bg2 g6 3. f4 Bg7 4. Nf3 c5 5. c4 Nc6 6. Nc3 0-0 7. 0-0 d6 8. d3 a6 9. Rb1 Rb8 10. Nd2 Ng4 11. Nf3 b5 12. h3 b4 13. Nd5 Nf6 14. b3 Nd4 15. e3 Nxd5 16. cxd5 Nb5 17. Bb2 Bxb2 18. Rxb2 Nc3 19. Qd2 Nxd5 20. d4 Nc3 21. dxc5 Ne4 22. Qe1 Nxc5 23. Nd4 Bb7 24. Qe2 Qb6 25. f5 Bxg2 26. fxg6 Bxf1 27. gxh7+ Kh8 28. Qh5 Bd3 29. Rf2 Bg6 30. Qh6 Ne4 31. Ne6 fxe6 32. Rxf8+ Rxf8 33. Qxf8+ Kxh7 34. Qxe7+ Kg8 35. Qxe6+ Kf8 36. Qxg6 Qxe3+ 37. Kh1 Qe1+ 38. Kh2 Qf2+ 0-1